| 000 | 00792nam a2200229Ia 4500 | ||
|---|---|---|---|
| 003 | GCL | ||
| 008 | 140319s9999 xx 000 0 ara d | ||
| 040 |
_aGCL / _cGCL |
||
| 082 | 0 | 4 |
_a216.4 _bم ك |
| 100 | 1 | _aابن الخياط المقزلى، عبدالرحيم | |
| 245 | 1 | 0 |
_aكتاب الانتصار والرد على ابن الروندى الملحد / _cابن الخياط المقزلى، عبدالرحيم |
| 700 | 1 | _aنيرج | |
| 260 |
_a[S.N] : _bدار قابس للطباعة والنشر والتوزيع ، _c1986 |
||
| 300 | _a252 | ||
| 490 | _a | ||
| 650 | 0 | 4 | _aالاسلام |
| 650 | 0 | 4 | _aالالحاد والملحدون |
| 650 | 0 | 4 | _aالمعتزلة |
| 650 | 0 | 4 | _aالاسلام - دفع مطاعن |
| 650 | 0 | 4 | _aعلم الكلام |
| 942 |
_2ddc _cBK |
||
| 999 |
_c54812 _d54812 |
||